[Event "SVK-chT3A2 2223"]
[Site "Slovakia"]
[Date "2023.02.19"]
[Round "7.6"]
[White "Karel, Branislav"]
[Black "Fitak, Denis"]
[Result "1/2-1/2"]
[WhiteElo "1412"]
[BlackElo "1468"]
[PlyCount "117"]
[EventDate "2022.10.16"]
[EventType "team-tourn"]
[EventRounds "9"]
[EventCountry "SVK"]
[SourceTitle "EXT 2024"]
[Source "ChessBase"]
[SourceDate "2023.10.10"]
[SourceVersion "1"]
[SourceVersionDate "2023.10.10"]
[SourceQuality "1"]
[WhiteTeam "Surovce"]
[BlackTeam "Gbely Nafta"]
[WhiteTeamCountry "SVK"]
[BlackTeamCountry "SVK"]

1. e4 c5 2. Nf3 d6 3. d4 cxd4 4. Nxd4 Bd7 5. g3 Nc6 6. Bg2 g6 7. 0-0 Bg7 8. Nb3 Nf6 9. Nc3 0-0 10. h3 Re8 11. f4 h6 12. Rb1 Qc7 13. Ne2 Nb4 14. Nc3 Nh5 15. g4 Nf6 16. a3 Nc6 17. Be3 a6 18. Ne2 Rac8 19. c3 Nh7 20. Qd2 Na5 21. Nxa5 Qxa5 22. Bd4 Bb5 23. Bxg7 Kxg7 24. Rfe1 Qb6+ 25. Qd4+ Qxd4+ 26. Nxd4 Bd7 27. e5 dxe5 28. Rxe5 Rc7 29. f5 Ng5 30. Rbe1 e6 31. h4 f6 32. R5e3 Nh7 33. Nxe6+ Bxe6 34. Rxe6 Rxe6 35. Rxe6 gxf5 36. gxf5 Nf8 37. Re4 b6 38. Kf2 Rc5 39. Re7+ Kg8 40. Be4 Re5 41. Rxe5 fxe5 42. Ke3 Kf7 43. a4 Ke7 44. b4 a5 45. bxa5 bxa5 46. Kd3 Kd6 47. Kc4 Nh7 48. Kb5 Nf6 49. Bf3 e4 50. Be2 Nd5 51. Kxa5 Nxc3 52. Bh5 e3 53. f6 e2 54. f7 Ke7 55. Bxe2 Nxe2 56. Kb4 Nd4 57. Kc4 Nc6 58. Kb5 Nd4+ 59. Kc4 1/2-1/2

[Event "SVK-chT4 A21 2223"]
[Site "Slovakia"]
[Date "2022.12.11"]
[Round "5.3"]
[White "Piestansky, Jan"]
[Black "Fitak, Denis"]
[Result "1/2-1/2"]
[WhiteElo "1576"]
[BlackElo "1504"]
[PlyCount "78"]
[EventDate "2022.10.09"]
[EventType "team-tourn"]
[EventRounds "11"]
[EventCountry "SVK"]
[SourceTitle "EXT 2024"]
[Source "ChessBase"]
[SourceDate "2023.10.10"]
[SourceVersion "1"]
[SourceVersionDate "2023.10.10"]
[SourceQuality "1"]
[WhiteTeam "Chtelnica Kamenar"]
[BlackTeam "Gbely Interchess"]
[WhiteTeamCountry "SVK"]
[BlackTeamCountry "SVK"]

1. e4 c5 2. Nf3 Nc6 3. Bc4 d6 4. h3 g6 5. c3 Bg7 6. d3 Nf6 7. Bb3 0-0 8. 0-0 Nd7 9. Re1 Nde5 10. Bf4 Bd7 11. Qe2 e6 12. Nxe5 Nxe5 13. Nd2 Bc6 14. Nf3 Bb5 15. Rad1 Qc7 16. a4 Ba6 17. c4 Nxf3+ 18. gxf3 Bd4 19. Be3 e5 20. Bxd4 cxd4 21. Bc2 Qd7 22. Qf1 b6 23. Qg2 f5 24. Kf1 f4 25. Ke2 Kg7 26. Rh1 Rac8 27. Bb1 Qxa4 28. h4 Rf6 29. Qg4 g5 30. Rd2 Rd8 31. Bc2 Qb4 32. Ra1 Bc8 33. Rxa7+ Rf7 34. Rxf7+ Kxf7 35. Qg1 Bb7 36. Qg4 Bc8 37. Qg1 Bb7 38. Qg4 Bc8 39. Qg1 Bb7 1/2-1/2

[Event "SVK-chT4 A21 2223"]
[Site "Slovakia"]
[Date "2022.11.27"]
[Round "4.5"]
[White "Fitak, Denis"]
[Black "Adamec, Jozef"]
[Result "1-0"]
[WhiteElo "1504"]
[BlackElo "1413"]
[PlyCount "117"]
[EventDate "2022.10.09"]
[EventType "team-tourn"]
[EventRounds "11"]
[EventCountry "SVK"]
[SourceTitle "EXT 2024"]
[Source "ChessBase"]
[SourceDate "2023.10.10"]
[SourceVersion "1"]
[SourceVersionDate "2023.10.10"]
[SourceQuality "1"]
[WhiteTeam "Gbely Interchess"]
[BlackTeam "Smolenice"]
[WhiteTeamCountry "SVK"]
[BlackTeamCountry "SVK"]

1. c4 e5 2. Nc3 Nf6 3. d3 Be7 4. Nf3 d6 5. g3 c6 6. Bg2 0-0 7. 0-0 Be6 8. e3 Nbd7 9. Nd2 a6 10. d4 exd4 11. exd4 d5 12. cxd5 Bxd5 13. Nxd5 cxd5 14. Nb3 b6 15. Bg5 h6 16. Bf4 Rc8 17. Rc1 a5 18. Re1 Bb4 19. Rxc8 Qxc8 20. Re2 a4 21. Na1 Qd8 22. a3 Be7 23. Nc2 b5 24. Bc7 Qxc7 25. Rxe7 Qd6 26. Re2 Nb6 27. Nb4 Rc8 28. Na2 Nc4 29. Nc3 Qd7 30. Qe1 Nb6 31. Re7 Qc6 32. Bh3 Re8 33. Rxe8+ Nxe8 34. Bg2 Nf6 35. Bf1 Nc4 36. Bxc4 bxc4 37. Qd1 Ne4 38. Qxa4 Qf6 39. Nxe4 dxe4 40. Qe8+ Kh7 41. Qxe4+ g6 42. Qd5 Kg7 43. Qe5 Qxe5 44. dxe5 Kf8 45. Kf1 Ke7 46. Ke2 Ke6 47. f4 Kd5 48. Ke3 Kc5 49. a4 Kd5 50. a5 Kc5 51. a6 Kb6 52. Kd4 Kxa6 53. Kxc4 Kb6 54. b4 Kc6 55. b5+ Kb6 56. Kb4 Kc7 57. Kc5 Kb7 58. b6 h5 59. h3 1-0

[Event "SVK-chT5 SE-SI 2122"]
[Site "Slovakia"]
[Date "2021.11.20"]
[Round "2.3"]
[White "Fitak, Denis"]
[Black "Drabek, Pavel"]
[Result "1/2-1/2"]
[WhiteElo "1528"]
[BlackElo "1057"]
[PlyCount "129"]
[EventDate "2021.11.06"]
[EventType "team-tourn"]
[EventRounds "9"]
[EventCountry "SVK"]
[SourceTitle "EXT 2024"]
[Source "ChessBase"]
[SourceDate "2023.10.10"]
[SourceVersion "1"]
[SourceVersionDate "2023.10.10"]
[SourceQuality "1"]
[WhiteTeam "Gbely Interchess"]
[BlackTeam "Petrova Ves II"]
[WhiteTeamCountry "SVK"]
[BlackTeamCountry "SVK"]

1. c4 c5 2. Nc3 e6 3. d3 d5 4. Bf4 Bd6 5. Bxd6 Qxd6 6. Nf3 d4 7. Ne4 Qc7 8. g3 f5 9. Ned2 Nf6 10. Bg2 Nc6 11. Nb3 b6 12. 0-0 e5 13. Nfd2 Bb7 14. Re1 a5 15. e3 a4 16. Nc1 0-0 17. exd4 Nxd4 18. Ne2 Bxg2 19. Nxd4 exd4 20. Kxg2 Qc6+ 21. Qf3 Qd6 22. Re2 Qd7 23. Rae1 Rae8 24. Nb1 g5 25. Rxe8 Nxe8 26. Qh5 g4 27. Qg5+ Ng7 28. Re7 Qc6+ 29. Kg1 Qg6 30. Qxg6 hxg6 31. Re2 g5 32. Na3 f4 33. Nc2 f3 34. Re4 Re8 35. Rxe8+ Nxe8 36. b3 Nd6 37. b4 cxb4 38. Nxb4 Kf7 39. Nc2 Nf5 40. Kf1 Ke6 41. Ke1 Kd6 42. Kd2 Kc5 43. a3 Nd6 44. Nb4 b5 45. cxb5 Nxb5 46. Nc2 Nc3 47. Kc1 Ne2+ 48. Kd2 Nc3 49. Ke1 Na2 50. Kd2 Nc3 51. Ke1 Nd5 52. Kd2 Nc3 53. Ke1 Kd5 54. Nb4+ Kc5 55. Nc2 Ne2 56. Kd2 Ng1 57. Ke1 Ne2 58. Kd2 Nc3 59. Kc1 Nd5 60. Kd2 Ne7 61. Ke1 Nf5 62. Kd2 Kd5 63. Nb4+ Kc5 64. Nc2 Nd6 65. Kc1 1/2-1/2